| 000 | 00606nam a2200205 4500 | ||
|---|---|---|---|
| 003 | OSt | ||
| 005 | 20240730081904.0 | ||
| 006 | a | ||
| 008 | 240730b |||||||| |||| 00| 0 eng d | ||
| 020 | _a978013770237 | ||
| 040 |
_aDWCL-Main lib. _cOC |
||
| 082 | _aCirc. 540 F217g 2011 | ||
| 100 | _aFrost, Laura | ||
| 245 | _aGeneral, organic, and biological chemistry : an integrated approach / | ||
| 260 |
_aBoston : _bPrentice Hall, _cc2011. |
||
| 300 |
_axvi, _b475 p. : ill. (some col) ; _c28 cm. |
||
| 504 | _aIncludes index. | ||
| 650 | _a1. Chemistry-Textbooks. | ||
| 942 |
_2ddc _n0 _cBK-CIRC _kCirc. |
||
| 999 |
_c2988 _d2988 |
||